[Event "MCR senioru 2018 nad 70 let"]
[Site "Pelclovo divadlo Rychnov nad K"]
[Date "2018.08.03"]
[Round "7"]
[White "Pokora, Lubomir"]
[Black "Vochozka, Jindrich"]
[Result "1/2-1/2"]
[WhiteElo "1891"]
[BlackElo "1800"]
[PlyCount "75"]
[EventDate "2018.07.28"]

1. Nf3 e6 2. d4 d5 3. g3 c5 4. c3 Nc6 5. Bg2 Qb6 6. dxc5 Bxc5 7. O-O Nf6 8. b4
Be7 9. Be3 Qc7 10. h3 O-O 11. Nbd2 a6 12. Rc1 Rd8 13. Qc2 b5 14. Nb3 Bb7 15.
Nfd2 Rac8 16. Qb1 Ne5 17. Nc5 Nc4 18. Nxc4 bxc4 19. Nxb7 Qxb7 20. a4 Rb8 21. a5
Qb5 22. f4 g6 23. Bf2 Nd7 24. e4 Nf6 25. e5 Ne8 26. Qc2 Ng7 27. g4 Rd7 28. Bf3
Bd8 29. Kg2 Bc7 30. Rcd1 Re8 31. Bd4 Bb8 32. Kg3 Ba7 33. h4 Bxd4 34. Rxd4 Qb8
35. Bd1 Rf8 36. Qf2 Re7 37. Kh3 Qd8 38. Bc2 1/2-1/2

[Event "MCR senioru 2018 nad 70 let"]
[Site "Pelclovo divadlo Rychnov nad K"]
[Date "2018.08.03"]
[Round "7"]
[White "Glembek, Bohumir"]
[Black "Vitek, Vaclav"]
[Result "0-1"]
[WhiteElo "1785"]
[BlackElo "1980"]
[PlyCount "70"]
[EventDate "2018.07.28"]

1. d4 d5 2. c4 Nc6 3. Nf3 Bg4 4. cxd5 Bxf3 5. dxc6 Bxc6 6. Bf4 e6 7. Nc3 Nf6 8.
f3 Nh5 9. Be3 f5 10. Bf2 f4 11. e4 fxe3 12. Bxe3 Bd6 13. Bf2 O-O 14. Bd3 Nf4
15. O-O Nh3+ 16. Kh1 Nxf2+ 17. Rxf2 Qh4 18. Qg1 Qxd4 19. Rd2 Qf4 20. Rad1 Rf6
21. Be4 Rh6 22. g3 Qxf3+ 23. Bxf3 Bxf3+ 24. Qg2 Rf8 25. Ne4 Bxg2+ 26. Kxg2 e5
27. Nxd6 cxd6 28. Rxd6 Rhf6 29. Rd7 Rf2+ 30. Kh3 Rxb2 31. Re7 h5 32. Rdd7 Rff2
33. Kh4 Rf5 34. Rxg7+ Kf8 35. Rh7 Rxh2# 0-1

[Event "MCR senioru 2018 nad 70 let"]
[Site "Pelclovo divadlo Rychnov nad Kneznou, Panska ulice"]
[Date "2018.08.03"]
[Round "7"]
[White "Tejkal, Jiri"]
[Black "Vesely, Emanuel"]
[Result "1-0"]
[WhiteElo "1914"]
[BlackElo "1747"]
[EventDate "2018.07.28"]
[PlyCount "87"]

1. d4 d5 2. c4 c6 3. e3 Nf6 4. Nf3 Bg4 5. Nc3 e6 6. Qb3 Qb6 7. c5 Qxb3 8. axb3
Nbd7 9. b4 Bxf3 10. gxf3 e5 11. b5 Kd8 12. Bd2 Be7 13. Kd1 Ne8 14. Kc2 Nc7 15.
bxc6 bxc6 16. Bh3 exd4 17. exd4 g6 18. Ra4 f5 19. Rha1 Bf6 20. Ne2 Ke7 21. Rxa7
Rxa7 22. Rxa7 Nb5 23. Ra4 Rb8 24. Bc3 Nf8 25. Nf4 Ne6 26. Nxe6 Kxe6 27. Bf1 h5
28. Rb4 Bh4 29. Bxb5 cxb5 30. Be1 g5 31. Rb3 f4 32. Ra3 Kf5 33. Ra7 Re8 34. Kd1
g4 35. Rf7+ Bf6 36. fxg4+ hxg4 37. Bc3 f3 38. Rd7 Ke4 39. c6 b4 40. Bxb4 Bxd4
41. Re7+ Rxe7 42. Bxe7 Be5 43. Bd8 g3 44. hxg3 1-0

[Event "MCR senioru 2018 nad 70 let"]
[Site "Pelclovo divadlo Rychnov nad Kneznou, Panska ulice"]
[Date "2018.08.03"]
[Round "7"]
[White "Folta, Frantisek"]
[Black "Pavlicek, Petr"]
[Result "0-1"]
[WhiteElo "1742"]
[BlackElo "1898"]
[EventDate "2018.07.28"]
[PlyCount "54"]

1. c4 Nf6 2. Nc3 d5 3. cxd5 Nxd5 4. g3 g6 5. Bg2 Nb6 6. Nf3 Bg7 7. O-O O-O 8.
d4 Nc6 9. e3 e5 10. dxe5 Nxe5 11. Nxe5 Bxe5 12. Qxd8 Rxd8 13. Rd1 Rxd1+ 14.
Nxd1 c6 15. Rb1 Be6 16. b3 Rd8 17. Nb2 Kf8 18. Kf1 Nd5 19. Bxd5 Bxd5 20. Ke2
Be4 21. Ra1 Bc3 22. f3 Bd3+ 23. Kf2 b5 24. a3 Bc2 25. b4 Bb3 26. Rb1 Ba2 27.
Ra1 Bxb2 0-1

[Event "MCR senioru 2018 nad 70 let"]
[Site "Pelclovo divadlo Rychnov nad Kneznou, Panska ulice"]
[Date "2018.08.03"]
[Round "7"]
[White "Slovak, Martin"]
[Black "Halla, Jiri"]
[Result "1/2-1/2"]
[WhiteElo "1701"]
[BlackElo "1817"]
[EventDate "2018.07.28"]
[PlyCount "71"]

1. e4 e6 2. d4 d5 3. e5 c5 4. c3 Nc6 5. Be3 Qb6 6. Qb3 Na5 7. Qxb6 axb6 8. Bb5+
Bd7 9. Bxd7+ Kxd7 10. Nd2 f6 11. f4 Nh6 12. h3 Nf5 13. Bf2 h5 14. Ne2 Nc6 15.
Nf3 h4 16. g4 hxg3 17. Nxg3 Nxg3 18. Bxg3 Be7 19. Ke2 Rh6 20. a3 Rah8 21. h4
cxd4 22. cxd4 fxe5 23. Nxe5+ Nxe5 24. dxe5 Bxh4 25. Rag1 g5 26. fxg5 Bxg5 27.
Rxh6 Rxh6 28. Bf2 Bd8 29. Rg7+ Kc6 30. a4 Bh4 31. Bd4 Bd8 32. b4 b5 33. axb5+
Kxb5 34. Rxb7+ Kc4 35. Bf2 Bh4 36. Bc5 1/2-1/2

[Event "MCR senioru 2018 nad 70 let"]
[Site "Pelclovo divadlo Rychnov nad Kneznou, Panska ulice"]
[Date "2018.08.03"]
[Round "7"]
[White "Matoulek, Jaroslav"]
[Black "Truksa, Vaclav"]
[Result "1/2-1/2"]
[WhiteElo "1607"]
[BlackElo "1801"]
[EventDate "2018.07.28"]
[PlyCount "91"]

1. d4 Nf6 2. c4 g6 3. g3 Bg7 4. Nf3 O-O 5. Bg2 d6 6. O-O Nbd7 7. Nc3 c6 8. Qc2
e5 9. dxe5 dxe5 10. e4 Qc7 11. h3 b6 12. Be3 a5 13. Rfd1 Bb7 14. Rd2 Rac8 15.
Rad1 Rfd8 16. Rd3 Ba6 17. b3 Re8 18. a4 h6 19. h4 Rcd8 20. Bh3 Bc8 21. Kg2 Bf8
22. Qd2 Kh7 23. Nh2 Bb4 24. Bxd7 Bxd7 25. f3 Bxc3 26. Qxc3 Bc8 27. Qd2 Rxd3 28.
Qxd3 c5 29. Qd2 Ng8 30. Ng4 Bxg4 31. fxg4 Qc8 32. g5 h5 33. Qd5 Kg7 34. Bc1 Qc7
35. Bb2 Re6 36. Qd7 Qxd7 37. Rxd7 Ne7 38. Kf3 Nc6 39. Ke3 Kf8 40. Rd2 Ke7 41.
Bc3 Rd6 42. Rd5 Ke6 43. Ke2 Nd4+ 44. Bxd4 exd4 45. Kf3 Rd7 46. Kf4 1/2-1/2

[Event "MCR senioru 2018 nad 70 let"]
[Site "Pelclovo divadlo Rychnov nad Kneznou, Panska ulice"]
[Date "2018.08.03"]
[Round "7"]
[White "Stec, Frantisek"]
[Black "Cermak, Tomas"]
[Result "1/2-1/2"]
[WhiteElo "1925"]
[BlackElo "1705"]
[EventDate "2018.07.28"]
[PlyCount "42"]

1. d4 c6 2. c4 d5 3. e3 Bf5 4. Nc3 e6 5. Nf3 h6 6. Bd3 Bxd3 7. Qxd3 Nf6 8. O-O
Be7 9. b3 O-O 10. Bb2 Nbd7 11. Rfd1 Rc8 12. Rac1 a6 13. h3 b5 14. cxd5 cxd5 15.
a4 b4 16. Ne2 Qb6 17. Ne5 Rfd8 18. Nxd7 Nxd7 19. Rxc8 Rxc8 20. Qd2 Rc6 21. Rc1
Qc7 1/2-1/2

[Event "MCR senioru 2018 nad 70 let"]
[Site "Pelclovo divadlo Rychnov nad K"]
[Date "2018.08.04"]
[Round "8"]
[White "Jablecnik, Gustav"]
[Black "Pojedziniec, Wladyslaw"]
[Result "1/2-1/2"]
[WhiteElo "2081"]
[BlackElo "1913"]
[PlyCount "61"]
[EventDate "2018.07.28"]

1. e4 e5 2. Nc3 Nf6 3. f4 d6 4. Nf3 exf4 5. d3 Nh5 6. Be2 Be7 7. O-O Bg4 8. Ne1
Bxe2 9. Qxe2 Nf6 10. Bxf4 O-O 11. Kh1 Nbd7 12. g4 Ne5 13. h3 c6 14. Qh2 Ng6 15.
Bg3 Qd7 16. Ng2 d5 17. e5 Ne8 18. Rae1 Nc7 19. Nd1 Ne6 20. Nge3 f6 21. Nf5 fxe5
22. Bxe5 Rfe8 23. Bg3 Bf8 24. h4 Nh8 25. Bd6 Nf7 26. Bxf8 Rxf8 27. Qd2 g6 28.
Ng3 Ng7 29. Nf2 Rae8 30. Re3 Nd6 31. Rfe1 1/2-1/2

[Event "MCR senioru 2018 nad 70 let"]
[Site "Pelclovo divadlo Rychnov nad K"]
[Date "2018.08.04"]
[Round "8"]
[White "Slizek, Josef"]
[Black "Fiser, Jiri"]
[Result "0-1"]
[WhiteElo "1948"]
[BlackElo "1939"]
[PlyCount "120"]
[EventDate "2018.07.28"]

1. b3 e5 2. Bb2 d6 3. e3 f5 4. d4 e4 5. c4 Nf6 6. Nc3 Be7 7. Nge2 O-O 8. Nf4
Nc6 9. Be2 Re8 10. h3 Bf8 11. Qd2 Ne7 12. d5 Ng6 13. Nh5 Ne5 14. Nf4 g5 15. Nh5
Nxh5 16. Bxh5 Nd3+ 17. Kf1 Re7 18. Be2 Nxb2 19. Qxb2 Bg7 20. Rd1 Qf8 21. Qc2 a6
22. Kg1 Qf6 23. Nb1 f4 24. Nd2 Bf5 25. Bg4 Rf8 26. Nf1 Bg6 27. Be6+ Kh8 28. Re1
h5 29. Nh2 Bf5 30. Bxf5 Qxf5 31. Qd1 Qg6 32. Qc2 Qf5 33. Nf1 Kg8 34. g3 Bh6 35.
Rh2 f3 36. Rh1 Rfe8 37. Rd1 Bg7 38. Nd2 Kf7 39. h4 g4 40. Rb1 c6 41. dxc6 bxc6
42. Kh2 d5 43. cxd5 cxd5 44. Qc6 Re6 45. Qc7+ R8e7 46. Qf4 Qxf4 47. gxf4 Rc7
48. Rhc1 Rec6 49. Rxc6 Rxc6 50. Kg3 Rc2 51. Rd1 Rxa2 52. Nb1 Ke6 53. f5+ Kxf5
54. Kh2 Rxf2+ 55. Kg1 Rg2+ 56. Kh1 Ke6 57. Rc1 Kd6 58. Nc3 Bxc3 59. Rxc3 Re2
60. b4 g3 0-1

[Event "MCR senioru 2018 nad 70 let"]
[Site "Pelclovo divadlo Rychnov nad K"]
[Date "2018.08.04"]
[Round "8"]
[White "Trojan, Lubos"]
[Black "Briza, Jiri"]
[Result "1-0"]
[WhiteElo "1995"]
[BlackElo "1942"]
[PlyCount "81"]
[EventDate "2018.07.28"]

1. d4 e6 2. Nf3 f5 3. c4 Bb4+ 4. Nc3 Nf6 5. Qb3 Bxc3+ 6. Qxc3 O-O 7. h3 Ne4 8.
Qc2 d5 9. Bf4 Nc6 10. e3 g5 11. Bh2 g4 12. Ne5 g3 13. fxg3 Nxe5 14. dxe5 Qg5
15. Qe2 Nxg3 16. Qf3 Nxh1 17. Bf4 Qg6 18. Bd3 Bd7 19. cxd5 exd5 20. g4 Qb6 21.
O-O-O d4 22. Bc4+ Be6 23. gxf5 Bxc4 24. Qg4+ Kh8 25. e6 Qc5 26. exd4 Be2+ 27.
dxc5 Bxg4 28. Be5+ Kg8 29. hxg4 Nf2 30. Rd2 Ne4 31. Rd7 Nf6 32. Rxc7 Rac8 33.
Rxc8 Rxc8 34. Bxf6 Rxc5+ 35. Kd2 Rc4 36. Ke3 Rxg4 37. Be7 Rg1 38. Kf4 Rf1+ 39.
Ke5 Rc1 40. f6 Re1+ 41. Kd6 1-0

[Event "MCR senioru 2018 nad 70 let"]
[Site "Pelclovo divadlo Rychnov nad K"]
[Date "2018.08.04"]
[Round "8"]
[White "Vitek, Vaclav"]
[Black "Kotva, Milan"]
[Result "0-1"]
[WhiteElo "1980"]
[BlackElo "1886"]
[PlyCount "64"]
[EventDate "2018.07.28"]

1. d4 d5 2. Bf4 Nf6 3. e3 e6 4. Nd2 Bd6 5. Bg3 Ne4 6. Nxe4 dxe4 7. Bc4 O-O 8.
c3 Nc6 9. a4 b6 10. Qc2 Bb7 11. Ne2 Ne7 12. Ba2 Nf5 13. O-O-O Qd7 14. c4 Bc6
15. Nc3 Bb7 16. d5 exd5 17. cxd5 Nxg3 18. hxg3 f5 19. g4 Ba6 20. Nb5 Bxb5 21.
axb5 a6 22. gxf5 axb5 23. Bb1 Qxf5 24. f3 Ra4 25. Rd4 Rxd4 26. exd4 Qg5+ 27.
Kd1 Rf4 28. fxe4 Qg3 29. Qd3 Qxg2 30. Re1 Rf3 31. Qc2 Rf2 32. Qd3 Bb4 0-1

[Event "MCR senioru 2018 nad 70 let"]
[Site "Pelclovo divadlo Rychnov nad K"]
[Date "2018.08.04"]
[Round "8"]
[White "Just, Pavel"]
[Black "Holecek, Vladimir"]
[Result "1/2-1/2"]
[WhiteElo "1978"]
[BlackElo "1869"]
[PlyCount "48"]
[EventDate "2018.07.28"]

1. e4 c5 2. Nf3 g6 3. d4 Bg7 4. c4 cxd4 5. Nxd4 Nc6 6. Be3 d6 7. Be2 Nf6 8. Nc3
O-O 9. O-O Nxd4 10. Bxd4 Be6 11. Qd2 b6 12. Rac1 Rc8 13. b3 Nd7 14. Be3 f5 15.
exf5 Bxf5 16. Nb5 a5 17. Rfd1 Nc5 18. f3 Kh8 19. Bg5 Ne6 20. Bh4 Nc5 21. Nxd6
Qxd6 22. Qxd6 exd6 23. Rxd6 Rfe8 24. Kf1 Re6 1/2-1/2

[Event "MCR senioru 2018 nad 70 let"]
[Site "Pelclovo divadlo Rychnov nad K"]
[Date "2018.08.04"]
[Round "8"]
[White "Pokora, Lubomir"]
[Black "Rucka, Alois"]
[Result "0-1"]
[WhiteElo "1891"]
[BlackElo "1933"]
[PlyCount "46"]
[EventDate "2018.07.28"]

1. e4 c5 2. Nf3 d6 3. c3 g6 4. d4 cxd4 5. Nxd4 Bg7 6. Bb5+ Nd7 7. O-O a6 8. Be2
Ngf6 9. f3 O-O 10. a4 Qc7 11. Be3 Ne5 12. Nd2 Bd7 13. h3 Rac8 14. Bf2 Nh5 15.
Qc2 Nf4 16. Rfe1 Nxe2+ 17. Rxe2 Nc6 18. N2b3 Be5 19. Qd2 Bg7 20. Qe1 Ne5 21.
Nd2 Nd3 22. Qb1 Nxf2 23. Kxf2 Qb6 0-1

[Event "MCR senioru 2018 nad 70 let"]
[Site "Pelclovo divadlo Rychnov nad K"]
[Date "2018.08.04"]
[Round "8"]
[White "Vochozka, Jindrich"]
[Black "Tejkal, Jiri"]
[Result "0-1"]
[WhiteElo "1800"]
[BlackElo "1914"]
[PlyCount "126"]
[EventDate "2018.07.28"]

1. d4 g6 2. g3 Bg7 3. Bg2 d6 4. e4 c5 5. dxc5 Qa5+ 6. c3 Qxc5 7. Be3 Qc7 8. Ne2
Nf6 9. h3 Nc6 10. O-O Ne5 11. Nd2 Bd7 12. Nd4 O-O 13. Qb3 a6 14. f4 Nc6 15.
Nxc6 bxc6 16. Qc2 Rab8 17. b3 c5 18. Rad1 Bc6 19. c4 Qb7 20. Bf3 Nd7 21. Nb1
Rfe8 22. Qg2 a5 23. Rd3 a4 24. e5 Bxf3 25. Qxf3 dxe5 26. Rd5 e4 27. Qd1 Nf6 28.
Rxc5 Red8 29. Qe2 Qd7 30. Re1 axb3 31. axb3 Rxb3 32. Rb5 Rd3 33. Kg2 Rc8 34.
Nd2 Ra8 35. Reb1 Raa3 36. Rb8+ Ne8 37. R1b7 Qxb7 38. Rxb7 Rxe3 39. Qf2 Bd4 40.
Nb3 Rexb3 41. Rxb3 Bxf2 42. Rxa3 Bc5 43. Ra8 Kf8 44. Rc8 Bd6 45. c5 Bc7 46. Kf2
f5 47. Ke3 e5 48. fxe5 Bxe5 49. g4 Ke7 50. gxf5 gxf5 51. Ra8 Nf6 52. Ra5 Nd5+
53. Kf2 f4 54. Ra7+ Nc7 55. Ra4 e3+ 56. Kf3 Ne6 57. Ra7+ Bc7 58. Rb7 Kd7 59.
Rb1 Nxc5 60. Rg1 Ne6 61. Rd1+ Ke7 62. Rd3 Ng5+ 63. Kg4 e2 0-1

[Event "MCR senioru 2018 nad 70 let"]
[Site "Pelclovo divadlo Rychnov nad K"]
[Date "2018.08.04"]
[Round "8"]
[White "Pavlicek, Petr"]
[Black "Zikmund, Jaroslav"]
[Result "1-0"]
[WhiteElo "1898"]
[BlackElo "1826"]
[PlyCount "133"]
[EventDate "2018.07.28"]

1. Nf3 Nf6 2. d4 d5 3. c4 c6 4. Nc3 dxc4 5. a4 e6 6. Bg5 Be7 7. e3 Nd5 8. Bxe7
Qxe7 9. Bxc4 Nd7 10. O-O O-O 11. Nxd5 exd5 12. Bd3 Nf6 13. Qc2 h6 14. a5 Be6
15. Rfc1 Rfc8 16. Ra3 Nd7 17. Rc3 a6 18. h3 Rc7 19. Rb1 c5 20. dxc5 Rxc5 21. b4
Rxc3 22. Qxc3 Nf8 23. Nd4 Rc8 24. Qb2 Qc7 25. Nb3 Nd7 26. Rc1 Qd8 27. Nd4 Rxc1+
28. Qxc1 Ne5 29. Be2 Qc8 30. Qxc8+ Bxc8 31. Kf1 Kf8 32. Ke1 Bd7 33. Kd2 Ke7 34.
Kc3 Kd6 35. f4 Nc6 36. Nxc6 Kxc6 37. Kd4 Kd6 38. Bf3 Bc6 39. f5 g6 40. g4 gxf5
41. gxf5 f6 42. h4 b5 43. Bh5 Bd7 44. Bf7 Bxf5 45. Bxd5 Bc8 46. e4 Kc7 47. Kc5
Bg4 48. Bf7 Bf3 49. Bg6 Bg4 50. Bf7 Bf3 51. Bd5 Bg4 52. Kd4 Bc8 53. e5 fxe5+
54. Kxe5 Bg4 55. Kf6 Bc8 56. Ke7 Bg4 57. Be4 Bc8 58. Bf3 Bh3 59. Kf6 Bc8 60.
Kg6 Kd6 61. Kxh6 Ke5 62. Kg5 Kd4 63. h5 Be6 64. h6 Bg8 65. Kg6 Bc4 66. Kg7 Bd3
67. Bh5 1-0

[Event "MCR senioru 2018 nad 70 let"]
[Site "Pelclovo divadlo Rychnov nad K"]
[Date "2018.08.04"]
[Round "8"]
[White "Jacek, Miloslav"]
[Black "Martinec, Karel"]
[Result "1/2-1/2"]
[WhiteElo "1931"]
[BlackElo "1772"]
[PlyCount "21"]
[EventDate "2018.07.28"]

1. e4 e5 2. Nf3 Nc6 3. Bc4 Nf6 4. d3 Bc5 5. c3 d6 6. O-O O-O 7. Bg5 Bg4 8. Re1
h6 9. Bh4 g5 10. Bg3 Nh5 11. b4 1/2-1/2

[Event "MCR senioru 2018 nad 70 let"]
[Site "Pelclovo divadlo Rychnov nad Kneznou, Panska ulice"]
[Date "2018.08.04"]
[Round "8"]
[White "Truksa, Vaclav"]
[Black "Klimes, Jiri"]
[Result "0-1"]
[WhiteElo "1801"]
[BlackElo "1853"]
[EventDate "2018.07.28"]
[PlyCount "126"]

1. d4 Nf6 2. Nf3 g6 3. c4 Bg7 4. Nc3 d5 5. e3 O-O 6. cxd5 Nxd5 7. Be2 Nxc3 8.
bxc3 c5 9. O-O Nc6 10. Rb1 b6 11. Qc2 cxd4 12. cxd4 Bb7 13. a4 Rc8 14. Qa2 Na5
15. Ba3 Bd5 16. Qd2 Bc4 17. Bb2 Qd7 18. Rfd1 Qxa4 19. Ra1 Qb5 20. Bxc4 Nxc4 21.
Qd3 Nd6 22. Qxb5 Nxb5 23. Ba3 Nxa3 24. Rxa3 Rc7 25. Kf1 Rb8 26. Rda1 a5 27.
R1a2 e6 28. Rb3 Rcb7 29. Ke2 Bf8 30. Rb5 Bb4 31. Rc2 f6 32. g4 Kf7 33. h4 Bd6
34. Ra2 Ra7 35. Ra4 Ke7 36. Nd2 Kd7 37. Kd3 Kc6 38. Kc4 h5 39. gxh5 gxh5 40.
Ne4 Rc8 41. Nxf6 Be7 42. Nxh5 Bxh4 43. Nf4 Bxf2 44. Ra3 Kd6+ 45. Kd3 Ra6 46.
Re5 Re8 47. Rb5 e5 48. dxe5+ Rxe5 49. Rxe5 Kxe5 50. Ne2 b5 51. Nd4 b4 52. Ra4
Bh4 53. Nb3 Bd8 54. Nc5 Ra7 55. Kc4 Bb6 56. Nb3 Ke4 57. Kb5 Bd8 58. Nd4 Rb7+
59. Kc4 Kxe3 60. Nb3 Bc7 61. Na1 Kd2 62. Nb3+ Kc2 63. Ra2+ Kb1 0-1

[Event "MCR senioru 2018 nad 70 let"]
[Site "Pelclovo divadlo Rychnov nad Kneznou, Panska ulice"]
[Date "2018.08.04"]
[Round "8"]
[White "Havrlik, Pavel"]
[Black "Matoulek, Jaroslav"]
[Result "1-0"]
[WhiteElo "1823"]
[BlackElo "1607"]
[EventDate "2018.07.28"]
[PlyCount "81"]

1. c4 c5 2. Nf3 Nc6 3. d4 cxd4 4. Nxd4 e6 5. Nc3 a6 6. Nxc6 bxc6 7. e4 g6 8.
Be3 Bg7 9. Bd4 Bxd4 10. Qxd4 Qf6 11. e5 Qd8 12. O-O-O Nh6 13. Ne4 Nf5 14. Qd2
Kf8 15. g4 Ng7 16. Qh6 Qb6 17. c5 Qb4 18. Bd3 Rb8 19. Rd2 a5 20. Qe3 a4 21. Rc2
h5 22. f3 hxg4 23. fxg4 Ne8 24. Rf1 Kg7 25. Qf4 Rf8 26. g5 Qd4 27. Bc4 Rxb2 28.
Rxb2 Qxc4+ 29. Rc2 Qd4 30. Nd6 Qxf4+ 31. Rxf4 Nxd6 32. cxd6 Ba6 33. Rxa4 Bb5
34. Ra7 Rd8 35. a4 Bd3 36. Rc3 Be4 37. a5 Kf8 38. a6 f5 39. gxf6 Bf5 40. Rc7
Ke8 41. a7 1-0

[Event "MCR senioru 2018 nad 70 let"]
[Site "Pelclovo divadlo Rychnov nad Kneznou, Panska ulice"]
[Date "2018.08.04"]
[Round "8"]
[White "Havel, Frantisek"]
[Black "Stec, Frantisek"]
[Result "1-0"]
[WhiteElo "1731"]
[BlackElo "1925"]
[EventDate "2018.07.28"]
[PlyCount "126"]
[PlyCount "39"]

1. e4 c6 2. d4 g6 3. Be3 Bg7 4. Nd2 d6 5. Bd3 Nd7 6. Ne2 Ngf6 7. f3 O-O 8. c3
a6 9. Qc2 b5 10. g4 c5 11. c4 bxc4 12. Bxc4 cxd4 13. Bxd4 e5 14. Be3 Bb7 15. g5
Ne8 16. h4 Nc7 17. h5 gxh5 18. Rxh5 d5 19. exd5 Nxd5 20. Qxh7# 1-0

[Event "MCR senioru 2018 nad 70 let"]
[Site "Pelclovo divadlo Rychnov nad Kneznou, Panska ulice"]
[Date "2018.08.04"]
[Round "8"]
[White "Tolar, Jan"]
[Black "Bainhofner, Jiri"]
[Result "0-1"]
[WhiteElo "1719"]
[BlackElo "1812"]
[EventDate "2018.07.28"]
[PlyCount "120"]

1. e4 e5 2. Nf3 Nc6 3. Bb5 a6 4. Ba4 Nf6 5. O-O b5 6. Bb3 Be7 7. Re1 O-O 8. c3
d5 9. d3 dxe4 10. dxe4 Bg4 11. Nbd2 h6 12. h3 Bh5 13. a3 Bc5 14. Qc2 Qe7 15.
Nh2 Rad8 16. Ndf3 Rd7 17. Nh4 Rfd8 18. Nf5 Qf8 19. g4 Bg6 20. g5 hxg5 21. Bxg5
Be7 22. Nxe7+ Qxe7 23. Ng4 Bh5 24. Bxf6 gxf6 25. Nh6+ Kh7 26. Nf5 Rg8+ 27. Kh2
Qd8 28. Qc1 Rg6 29. Bd5 Nb8 30. Rg1 Qf8 31. Qe3 Rxg1 32. Rxg1 Bg6 33. Nh4 c6
34. Bb3 Qh6 35. Qxh6+ Kxh6 36. Nxg6 fxg6 37. Rd1 Kg5 38. Kg3 c5 39. f3 c4 40.
Bc2 Rxd1 41. Bxd1 Nd7 42. b3 Nb6 43. bxc4 Nxc4 44. a4 bxa4 45. Bxa4 Nb2 46. Bb3
a5 47. c4 Nd3 48. h4+ Kh5 49. Bc2 Nc5 50. Bd1 Kh6 51. Bc2 a4 52. Bb1 g5 53.
hxg5+ Kxg5 54. Kf2 a3 55. Ke3 Nb3 56. Ba2 Nc1 57. c5 Nxa2 58. Kd2 Nb4 59. Kc3
a2 60. Kb2 Kf4 0-1

[Event "MCR senioru 2018 nad 70 let"]
[Site "Pelclovo divadlo Rychnov nad K"]
[Date "2018.08.05"]
[Round "9"]
[White "Fiser, Jiri"]
[Black "Kotva, Milan"]
[Result "0-1"]
[WhiteElo "1939"]
[BlackElo "1886"]
[PlyCount "87"]
[EventDate "2018.07.28"]

1. e4 e5 2. Nf3 Nc6 3. Bb5 a6 4. Ba4 Nf6 5. d3 d6 6. c3 Be7 7. O-O b5 8. Bc2
Bb7 9. Re1 O-O 10. Nbd2 Re8 11. Nf1 Bf8 12. a4 b4 13. a5 bxc3 14. bxc3 Na7 15.
Bb3 h6 16. Ng3 Bc8 17. h3 Be6 18. d4 Bxb3 19. Qxb3 Rb8 20. Qc2 Nb5 21. d5 c5
22. dxc6 Qc7 23. c4 Qxc6 24. Qd3 Nc7 25. Be3 Ne6 26. Nd2 Nf4 27. Bxf4 exf4 28.
Nf5 g6 29. Nd4 Qa8 30. f3 Nd7 31. N4b3 Qa7+ 32. Kh2 Ne5 33. Qd5 Qf2 34. Rf1
Qg3+ 35. Kg1 Nd7 36. Rab1 Re5 37. Qc6 Rg5 38. Rf2 Ne5 39. Qc7 Re8 40. Nd4 Qxh3
41. Rb7 Rc8 42. Qb6 Qh4 43. Qxa6 Nd3 44. Qb6 0-1

[Event "MCR senioru 2018 nad 70 let"]
[Site "Pelclovo divadlo Rychnov nad K"]
[Date "2018.08.05"]
[Round "9"]
[White "Rucka, Alois"]
[Black "Chmelik, Jiri"]
[Result "1/2-1/2"]
[WhiteElo "1933"]
[BlackElo "1951"]
[PlyCount "28"]
[EventDate "2018.07.28"]

1. d4 Nf6 2. c4 e6 3. Nf3 b6 4. a3 Bb7 5. Nc3 d5 6. cxd5 Nxd5 7. Qc2 Be7 8. e4
Nxc3 9. bxc3 O-O 10. Bd3 c5 11. O-O cxd4 12. cxd4 Nc6 13. Bb2 a6 14. Rfd1 Na5
1/2-1/2

[Event "MCR senioru 2018 nad 70 let"]
[Site "Pelclovo divadlo Rychnov nad K"]
[Date "2018.08.05"]
[Round "9"]
[White "Tejkal, Jiri"]
[Black "Pavlicek, Petr"]
[Result "1/2-1/2"]
[WhiteElo "1914"]
[BlackElo "1898"]
[PlyCount "43"]
[EventDate "2018.07.28"]

1. d4 Nf6 2. c4 e6 3. Nf3 b6 4. a3 Bb7 5. Nc3 d5 6. cxd5 Nxd5 7. Qc2 Nxc3 8.
bxc3 Nd7 9. Bg5 Be7 10. Bxe7 Qxe7 11. e3 c5 12. Be2 O-O 13. O-O e5 14. Rfd1
cxd4 15. cxd4 Rac8 16. Qb2 exd4 17. exd4 Rfe8 18. Kf1 Qd6 19. Qb4 Qd5 20. Qb5
Qd6 21. Qb4 Qd5 22. Qb5 1/2-1/2

[Event "MCR senioru 2018 nad 70 let"]
[Site "Pelclovo divadlo Rychnov nad K"]
[Date "2018.08.05"]
[Round "9"]
[White "Klimes, Jiri"]
[Black "Just, Pavel"]
[Result "1/2-1/2"]
[WhiteElo "1853"]
[BlackElo "1978"]
[PlyCount "135"]
[EventDate "2018.07.28"]

1. e4 e5 2. Nf3 Nc6 3. Bb5 Nf6 4. O-O Nxe4 5. Re1 Nd6 6. Nxe5 Be7 7. Ba4 Nxe5
8. Rxe5 O-O 9. Nc3 Bf6 10. Re2 Nf5 11. Ne4 d5 12. Nxf6+ Qxf6 13. c3 d4 14. d3
Be6 15. Bf4 c5 16. Be5 Qg6 17. Bb3 Rfe8 18. cxd4 Bxb3 19. axb3 f6 20. Bf4 Rxe2
21. Qxe2 Nxd4 22. Qe7 Re8 23. Qxc5 Nxb3 24. Qd5+ Qf7 25. Qxf7+ Kxf7 26. Rd1 Re2
27. Be3 a6 28. Rb1 Ke6 29. g4 Kd5 30. Kg2 Rc2 31. Kg3 a5 32. h4 b5 33. Kf4 g6
34. h5 Nc5 35. Bxc5 Kxc5 36. Ke3 Kb4 37. d4 Kb3 38. d5 a4 39. d6 Rc8 40. Kd4 b4
41. Kd5 Kc2 42. Re1 Kxb2 43. d7 Rd8 44. Kc6 b3 45. Kc7 Rxd7+ 46. Kxd7 a3 47.
Re2+ Kb1 48. h6 a2 49. Re1+ Kb2 50. Ke6 a1=Q 51. Rxa1 Kxa1 52. Kxf6 b2 53. Kg7
b1=Q 54. Kxh7 g5+ 55. Kg7 Qb2+ 56. Kg8 Qb8+ 57. Kg7 Qe5+ 58. Kg8 Qe6+ 59. Kg7
Qxg4 60. h7 Qd4+ 61. Kg8 Qd5+ 62. Kf8 Qd8+ 63. Kg7 Qe7+ 64. Kg8 Qd8+ 65. Kg7
Qd4+ 66. Kg8 Qxf2 67. h8=Q+ Qb2 68. Qh1+ {Qa2+} 1/2-1/2

[Event "MCR senioru 2018 nad 70 let"]
[Site "Pelclovo divadlo Rychnov nad K"]
[Date "2018.08.05"]
[Round "9"]
[White "Holecek, Vladimir"]
[Black "Slizek, Josef"]
[Result "1/2-1/2"]
[WhiteElo "1869"]
[BlackElo "1948"]
[PlyCount "21"]
[EventDate "2018.07.28"]

1. e4 c5 2. Nf3 d6 3. d4 cxd4 4. Nxd4 Nf6 5. Nc3 a6 6. Be2 e5 7. Nb3 Be6 8. Be3
Be7 9. Qd2 O-O 10. f3 Nbd7 11. O-O-O 1/2-1/2

[Event "MCR senioru 2018 nad 70 let"]
[Site "Pelclovo divadlo Rychnov nad K"]
[Date "2018.08.05"]
[Round "9"]
[White "Briza, Jiri"]
[Black "Havrlik, Pavel"]
[Result "1-0"]
[WhiteElo "1942"]
[BlackElo "1823"]
[PlyCount "41"]
[EventDate "2018.07.28"]

1. e4 e6 2. d4 d5 3. Nc3 Nf6 4. e5 Ne4 5. Nge2 Bb4 6. Bd2 Nxd2 7. Qxd2 c5 8. a3
Qa5 9. g3 Nc6 10. Bg2 cxd4 11. Nxd4 Bxc3 12. bxc3 Nxe5 13. O-O O-O 14. Rfb1 a6
15. Qg5 Nc4 16. Rb4 Qd8 17. Qh5 g6 18. Qe2 Qd6 19. a4 b6 20. Rxc4 e5 21. Rc6
1-0

[Event "MCR senioru 2018 nad 70 let"]
[Site "Pelclovo divadlo Rychnov nad K"]
[Date "2018.08.05"]
[Round "9"]
[White "Vitek, Vaclav"]
[Black "Parpel, Petr"]
[Result "1-0"]
[WhiteElo "1980"]
[BlackElo "1749"]
[PlyCount "98"]
[EventDate "2018.07.28"]

1. d4 d5 2. Bf4 c6 3. c3 Nf6 4. e3 Bf5 5. Qb3 Qb6 6. Nd2 Nbd7 7. h3 h6 8. Ngf3
e6 9. Ne5 Be7 10. Be2 O-O 11. g4 Bh7 12. g5 hxg5 13. Bxg5 Qxb3 14. axb3 Rfd8
15. h4 Kf8 16. Rg1 Nxe5 17. dxe5 Ng8 18. Nf3 Bc2 19. Nd4 Bxg5 20. hxg5 Bg6 21.
b4 a6 22. Kd2 Ne7 23. Nb3 Nf5 24. Rh1 Ke7 25. Nc5 Rdb8 26. Bd3 Kd8 27. Nxb7+
Kc7 28. Nc5 a5 29. Na6+ Rxa6 30. Bxa6 axb4 31. Bd3 bxc3+ 32. Kxc3 c5 33. Ra7+
Kc6 34. Bxf5 Bxf5 35. Rxf7 g6 36. Rhh7 d4+ 37. exd4 cxd4+ 38. Kxd4 Rb4+ 39. Kc3
Rf4 40. Rc7+ Kd5 41. Rhd7+ Kxe5 42. Rc5+ Ke4 43. Rc4+ Kf3 44. Rxf4+ Kxf4 45.
Rd4+ Kxg5 46. f4+ Kf6 47. b4 e5 48. Rd6+ Ke7 49. fxe5 g5 1-0